000 00480nam a2200193Ia 4500
005 20260429111838.0
008 260429s9999||||xx |||||||||||||| ||und||
020 _a9789384726720
041 _aEnglish
082 _a511.5
_bYAD
100 _aYadav, S.K.
245 0 _aAdvanced graph theory /
_cS.K. Yadav
250 _a1st ed.
260 _aNew Delhi :
_bAne Books,
_c2025.
300 _axvi, 285 p.; hb
650 _a Graph theory
650 _aMathematics
942 _cTB
999 _c51133
_d51133